Tâm lý học y học

Na minha lista:
Detalhes bibliográficos
Autor principal: Nguyễn Văn Nhận
Formato: Livro
Idioma:Undetermined
Publicado em: H. Y Học 2001
Assuntos:
Tags: Adicionar Tag
Sem tags, seja o primeiro a adicionar uma tag!
Thư viện lưu trữ: Trung tâm Học liệu Trường Đại học Cần Thơ
LEADER 00492nam a2200181Ia 4500
001 CTU_52334
008 210402s9999 xx 000 0 und d
020 |b 30000 
082 |a 612.8 
082 |b Nh121 
100 |a Nguyễn Văn Nhận 
245 0 |a Tâm lý học y học 
245 0 |c Nguyễn Văn Nhận 
260 |a H. 
260 |b Y Học 
260 |c 2001 
650 |a psychology, applied,psychophysiology 
980 |a Trung tâm Học liệu Trường Đại học Cần Thơ